Výpočet hodnôt VaR a CVaR v programe Maxima

Gespeichert in:
Bibliographische Detailangaben
1. Verfasser: Slaninka, František, 1973-
Weitere Verfasser: Simonka, Zsolt, 1974-
Format: Buchkapitel
Sprache:Slowakisch
Tags: Tag hinzufügen
Keine Tags, Fügen Sie das erste Tag hinzu!

MARC

LEADER 00000nla a2200000 4500
001 0235647
005 20240502073818.5
041 0 |a slo 
044 |a SK 
245 1 0 |a Výpočet hodnôt VaR a CVaR v programe Maxima  |c František Slaninka, Zsolt Simonka 
500 |a Abstrakt 
100 1 |a Slaninka, František, 1973- 
700 1 |a Simonka, Zsolt, 1974-